OWCS 2026 - Stage 1 EMEA - Statistics

General Stats
  • This quiz has been taken 17 times
  • The average score is 28 of 34
Answer Stats
Team Role Answer % Correct
Twisted Minds Support FunnyAstro
100%
Virtus.pro DPS kevster
100%
Twisted Minds Tank KSAA
100%
Twisted Minds DPS Quartz
100%
Virtus.pro DPS Seicoe
100%
Twisted Minds Support Simple
100%
Twisted Minds Tank TVNT
100%
Twisted Minds DPS Youbi
100%
Virtus.pro Tank Eis
92%
Team Peps Support FDGoD
92%
Virtus.pro Support FiXa
92%
Twisted Minds DPS JaeWoo
92%
Al Qadsiah Tank Vestola
92%
Anyone's Legend DPS WMaimone
92%
Geekay Esports Tank ZIYAD
92%
Team Peps DPS Dip
83%
Virtus.pro Support Landon
83%
Al Qadsiah Support Galaa
83%
Anyone's Legend Support Kai
83%
Geekay Esports DPS LBBD7
83%
Team Peps DPS SoOn
83%
Team Peps DPS Zorrow
83%
Al Qadsiah DPS Ade
75%
Geekay Esports Support FiNN
75%
Geekay Esports Support Haku
75%
Team Peps Tank Willys07
75%
Team Peps Support Xeriongdh
75%
Geekay Esports DPS AlphaYi
67%
Anyone's Legend Support crispy
67%
Al Qadsiah Support SirMajed
67%
Al Qadsiah DPS Taejong
67%
Anyone's Legend Support Khenail
58%
Anyone's Legend Tank Tama
50%
Anyone's Legend DPS amdp
17%
No matching quizzes found
Score Distribution
Percent of People with Each Score
Percentile by Number Answered
Your Score History
You have not taken this quiz